|
|
|
|
| LEADER |
00000nab a2200000 a 4500 |
| 001 |
vtls011732963 |
| 003 |
SK-MaSNL |
| 005 |
20260303113025.0 |
| 008 |
230121|2002 xo |||||||||||||||||slo |
| 015 |
|
|
|a SNBRB
|
| 035 |
|
|
|a (urnnbn)urn:nbn:sk:snk:ar-0018ss
|
| 035 |
|
|
|a urn:nbn:sk:snk-abfa9z
|
| 035 |
|
|
|a (uuid)f120514c-c7c8-41b8-af9e-7e0607da159c
|
| 040 |
|
|
|a SNKBUCL
|b slo
|c SNKBUCL
|e AACR2
|
| 041 |
0 |
|
|a slo
|
| 044 |
|
|
|a xo
|c SK
|
| 100 |
1 |
|
|a Majstrik, Jozef
|4 aut
|9 1126451
|
| 245 |
1 |
0 |
|a Modul Motorola G18 = GSM + GPRS + GPS v jednom puzdre
|c Jozef Majstrik
|
| 773 |
0 |
|
|t AT&P journal : priemyselná automatizácia a informatika
|g Roč. 9, č. 10 (2002), s. 32
|
| 954 |
|
|
|a odborná, vedecká literatúra pôvodná (slovenská)
|2 lita
|
| 958 |
|
|
|a OND
|
| 958 |
|
|
|a EUIPO
|
| 958 |
|
|
|a article24
|
| 999 |
|
|
|c 1889607
|d 1891537
|